| 000 | 00681nam a2200205 a 4500 | ||
|---|---|---|---|
| 008 | 990607s1998 m yxo r 0 slo c | ||
| 020 |
_a8085471612 _c0 |
||
| 040 |
_aSNK _bslo _cSNK _eAACR2 |
||
| 041 | 1 | _aslo | |
| 044 |
_axo _cSK |
||
| 080 | _a51(035) | ||
| 100 | 1 |
_aRichtáriková, Soňa _4aut |
|
| 245 | 1 | 0 |
_aMatematika _bpomôcka pre maturantov a uchádzačov o štúdium na vysokých školách _cSoňa Richtáriková, Darina Kyselová |
| 260 |
_aNitra _bENIGMA _c1998 |
||
| 300 |
_a312 s. _bsch. _c21 cm |
||
| 650 | 0 | 7 |
_amatematika _xskúšky maturitné _xskúšky prijímacie _xškoly vysoké _xpríručky _2SNK |
| 700 | 1 |
_aKyselová, Darina _4aut |
|
| 958 | _aAPP | ||
| 958 | _aAPR | ||
| 999 |
_c20513 _d20513 |
||